000 00238nam a2200097Ia 4500
005 20250424112901.0
008 250424s9999 xx 000 0 und d
300 _avi, 200 p. 25 cm.
650 _aEducation--Nigeria--Periodical.
942 _cSR
999 _c37689
_d37689